A first book of C++ : From here to there

The Second Edition of Gary Bronson's highly successful book takes a hands-on, applications approach to CS1. The book begins with procedural programming in C, and then gradually introduces object-oriented programming features and the C++ language syntax that enables first-time programmers to use...

Cur síos iomlán

Đã lưu trong:
Sonraí Bibleagrafaíochta
Príomhúdar: Bronson, Gary J.
Formáid: Leabhar
Teanga:Undetermined
Foilsithe: Pacific Grove, Calif. Brooks/Cole Pub. 1999
Ábhair:
Clibeanna: Cuir Clib Leis
Gan Chlibeanna, Bí ar an gcéad duine leis an taifead seo a chlibeáil!
Thư viện lưu trữ: Trung tâm Học liệu Trường Đại học Cần Thơ
LEADER 00923nam a2200217Ia 4500
001 CTU_186820
008 210402s9999 xx 000 0 und d
020 |c 4.78 
082 |a 005.133 
082 |b B869 
100 |a Bronson, Gary J. 
245 2 |a A first book of C++ : 
245 0 |b From here to there 
245 0 |c Gary J. Bronson 
260 |a Pacific Grove, Calif. 
260 |b Brooks/Cole Pub. 
260 |c 1999 
520 |a The Second Edition of Gary Bronson's highly successful book takes a hands-on, applications approach to CS1. The book begins with procedural programming in C, and then gradually introduces object-oriented programming features and the C++ language syntax that enables first-time programmers to use them. 
650 |a C++ (Computer program language),C++ (Ngôn ngữ chương trình máy tính) 
904 |i Trúc 
980 |a Trung tâm Học liệu Trường Đại học Cần Thơ